[Event "VI Sunway Sitges Open 2019"]
[Site "Sitges"]
[Date "2019.12.13"]
[Round "1.11"]
[White "Fernandez De Bobadilla, Gabriel"]
[Black "Tabatabaei, M.amin"]
[Result "0-1"]
[WhiteElo "2243"]
[BlackElo "2635"]
[Annotator "TA"]
[PlyCount "74"]
[EventDate "2019.12.13"]
[EventType "swiss"]
[EventCountry "ESP"]
[SourceTitle "playchess.com"]
[Source "ChessBase"]
[SourceQuality "1"]

{[%evp 12,82,-1,-9,-11,-21,-23,-12,-15,-86,-83,-95,-70,-110,-95,-92,-91,-89,-104,-136,-134,-136,-133,-135,-129,-133,-141,-133,-118,-130,-136,-146,-163,-185,-145,-183,-153,-161,-119,-141,-135,-247,-244,-267,-249,-269,-265,-271,-258,-297,-276,-276,-289,-376,-380,-344,-313,-370,-383,-378,-375,-407,-363,-412,-399,-405,-402,-417,-425,-491,-489,-477,-461]} 1. d4 Nf6 2. c4 e6 3. Nc3 Bb4 4. e3 O-O 5. Nge2 Re8 6. a3 Bf8 7. e4 d5 {E46: Nimzo-Indian: Rubinstein: 4 e3 0-0 5 Ne2 without early Bd3} 8. Bg5 (8. e5 Nfd7 9. c5 b6 10. b4 a5 11. Rb1 f6 12. f4 axb4 13. axb4 bxc5 14. bxc5 fxe5 15. fxe5 {0-1 (41) Zhang,P (2567)-Matlakov,M (2684) Harbin 2016}) 8... dxe4 9. Nxe4 Be7 {The position is equal.} 10. N4c3 (10. Qc2 $11) 10... Nc6 $17 11. h3 $146 ({Predecessor:} 11. f3 e5 12. d5 Nd4 13. Be3 c5 14. Ng3 a6 15. Bd3 b5 16. b3 Rb8 17. O-O Rf8 18. Ra2 Bd7 19. Nce2 Bd6 {½-½ (19) Gavin Roche,E (2198)-Estremera Panos,S (2387) Cala Galdana 1999}) 11... e5 {[%cal Re5d4]} 12. dxe5 Nxe5 {Threatens to win with ...Nd3+.} 13. Qxd8 Rxd8 14. Nf4 c6 15. Rd1 Bf5 16. Be2 h6 17. Bxf6 Bxf6 (17... gxf6 18. O-O $15) 18. O-O Bc2 19. Rc1 Rd2 20. Nh5 Bh4 21. Ng3 Rad8 22. b4 Nd3 23. Ra1 Nf4 24. Bf3 Bd3 25. Rfc1 f5 $36 {[%mdl 2048] Black is on the roll.} 26. b5 (26. Rd1 $17 Rc2 27. Rdc1) 26... Bf6 $19 (26... Bxc4 27. bxc6 bxc6 28. Nxf5 $15) 27. bxc6 bxc6 ({Not} 27... Bxc4 28. cxb7 Nd3 29. Nd5 $16 (29. Nxf5 Ba6 $16)) 28. Bxc6 Bxc4 29. Rab1 {[#] and if Nce4 works, White does fine.} Bd4 $1 30. Nd1 Bd3 31. Rb4 Bc2 32. Ne3 Bxe3 $1 33. fxe3 Nd3 $1 {[%csl LRb4,LRc1][%mdl 64] [#] Double Attack} 34. Rcb1 Bxb1 ({But not} 34... Nxb4 35. Rxb4 R2d3 36. Rc4 $19) 35. Rxb1 g6 36. Rb7 Rc2 37. Ba4 Rb2 {Played: Nd3-c5} 0-1

[Event "VI Sunway Sitges Open 2019"]
[Site "Sitges"]
[Date "2019.12.13"]
[Round "1.12"]
[White "Vocaturo, Daniele"]
[Black "Citak, Selim"]
[Result "1-0"]
[WhiteElo "2627"]
[BlackElo "2238"]
[Annotator "TA"]
[PlyCount "65"]
[EventDate "2019.12.13"]
[EventType "swiss"]
[EventCountry "ESP"]
[SourceTitle "playchess.com"]
[Source "ChessBase"]
[SourceQuality "1"]

{[%evp 15,75,29,31,30,21,25,33,7,31,10,26,18,37,37,40,33,35,30,32,37,39,0,67,27,31,32,16,0,0,-41,61,53,297,241,535,491,536,536,533,532,533,533,533,531,527,512,528,517,550,535,575,577,1212,1116,1173,1175,1037,1014,1220,1135,914,901]} 1. e4 e5 2. Nf3 Nf6 3. Nxe5 d6 4. Nf3 Nxe4 5. Nc3 Nxc3 6. dxc3 Be7 7. Be3 Nc6 8. Qd2 Be6 9. O-O-O {C42: Petroff Defence: 3 Nxe5 and unusual White 3rd moves} Qd7 ({Don't go for} 9... Bxa2 $2 10. b3 $18) 10. Kb1 Bf6 11. h4 {White is slightly better.} h6 12. b3 a6 $146 ({Predecessor:} 12... O-O-O 13. Nd4 a6 14. Nxe6 fxe6 15. g4 Ne5 16. Be2 Qc6 {½-½ (38) Karjakin,S (2776)-Giri,A (2690) Monte Carlo 2011}) 13. Nd4 Nxd4 14. Bxd4 Bxd4 15. Qxd4 O-O 16. Rg1 Qe7 17. Bd3 d5 18. Rde1 Qf6 (18... Rae8 $11) 19. Re5 c5 $1 {[%cal Rc5d4]} 20. Qe3 {And now g4 would win.} c4 21. bxc4 dxc4 22. Be4 Qxh4 ({Not} 22... Qxe5 23. Bh7+ $1 {[%mdl 512]} Kxh7 24. Qxe5 $16) ({Better is} 22... Rae8 $15) 23. g4 $1 $14 {[%cal Rg4g5] g5 is the strong threat.} Bxg4 $2 ({Black should play} 23... f5 $14) 24. Qf4 $40 {[%mdl 128] White goes for the king.} h5 $2 {[#]} (24... Rae8 {might work better.}) 25. Rg5 $1 $18 {White is clearly winning.} Rae8 {next ...Rxe4! is good for Black.} 26. Qf6 {[%csl Gg5][%cal Rf6g7]} Qxg5 27. Qxg5 Rxe4 {[#]} 28. f3 $1 {[%mdl 576] Double Attack} Re6 {White must now prevent ...Rg6.} (28... Bxf3 29. Qxg7#) 29. fxg4 hxg4 30. Qd5 Rg6 31. Qxc4 b5 32. Qd5 Rc8 33. Kb2 {Played: Qd5-d7} 1-0

[Event "VI Sunway Sitges Open 2019"]
[Site "Sitges"]
[Date "2019.12.13"]
[Round "1.13"]
[White "Milikow, Yoav"]
[Black "Narayanan.S.L"]
[Result "0-1"]
[WhiteElo "2236"]
[BlackElo "2626"]
[Annotator "TA"]
[PlyCount "70"]
[EventDate "2019.12.13"]
[EventType "swiss"]
[EventCountry "ESP"]
[SourceTitle "playchess.com"]
[Source "ChessBase"]
[SourceQuality "1"]

{[%evp 15,70,13,12,25,8,1,10,0,16,13,0,2,31,-4,0,0,4,0,0,-71,-6,-12,-18,-47,-31,-23,-20,-30,-22,-33,-27,-38,-44,-97,-51,-125,-117,-118,-108,-247,-39,-62,-35,-93,-75,-130,-116,-151,-126,-120,-114,-510,-510,-510,-509,-504,-503]} 1. d4 Nf6 2. c4 g6 3. Nc3 d5 4. cxd5 Nxd5 5. e4 Nxc3 6. bxc3 Bg7 7. Qa4+ Nd7 8. Nf3 O-O 9. Be2 {D85: Exchange Grünfeld: Unusual White 7th moves and lines with 7 Nf3} (9. Bg5 c5 10. Rd1 cxd4 11. cxd4 Nf6 12. d5 Bd7 13. Qb4 Qb6 14. Qxb6 axb6 15. e5 Ng4 16. e6 fxe6 17. Bc4 {0-1 (24) Yu,Y (2763)-Vachier Lagrave,M (2774) Khanty-Mansiysk 2019}) 9... Nb6 10. Qb4 Qd6 11. O-O {The position is equal.} Qxb4 12. cxb4 Bd7 $146 ({Predecessor:} 12... Bg4 13. Be3 Rfd8 14. Rfd1 c6 15. Rac1 Rd7 16. b5 Rad8 17. bxc6 bxc6 {0-1 (110) Sakaev,K (2580)-Paravyan,D (2634) Yaroslavl 2018}) 13. Bg5 h6 14. Bd2 Bc6 15. Bd3 Rfd8 16. b5 Be8 17. Rad1 (17. Rac1 $11) 17... c5 (17... Bxd4 $17 18. Bxh6 (18. Nxd4 Rxd4 19. Bxh6 Rad8 $15) 18... Bg7 19. Bxg7 Kxg7) 18. bxc6 $1 $11 Bxc6 19. Bc3 Rac8 20. Rc1 e6 21. Rfe1 Be8 22. Ba1 Na4 23. Bf1 b5 {[%cal Bb7b5,Bb5b4][%mdl 32]} 24. Ne5 (24. g3 $15) 24... b4 25. Ba6 (25. Rxc8 $15 Rxc8 26. Nc4) 25... Rxc1 $17 26. Rxc1 {[#]} Nc3 $1 {[%mdl 512]} 27. a3 {[#]} (27. Bxc3 $17 {keeps fighting.} bxc3 28. f4) 27... Nxe4 $2 ({Worse is} 27... Rxd4 28. axb4 Rd6 29. Bxc3 $15) ({Black should play} 27... Bxe5 $1 $19 28. dxe5 Na2) 28. axb4 $15 Nd6 29. Rc5 (29. Bd3 $15) 29... Rb8 $17 30. f3 (30. Bc3 $142) 30... Rxb4 31. Bc3 Rb1+ 32. Kf2 Bb5 33. Nc4 $2 {[%mdl 8192]} (33. Bxb5 $17 {nothing else works.} Nxb5 34. Rc8+ Kh7 35. Be1) 33... Bxc4 $19 {Black is clearly winning.} (33... Bxa6 $2 34. Nxd6 Rc1 35. Ke3 $17) 34. Bxc4 {[#]} Rc1 $1 {[%cal Rc1c3]} 35. Bb3 {[#]} Rxc3 $1 {[%mdl 576] Remove Defender. Accuracy: White = 31%, Black = 53%.} 0-1

[Event "VI Sunway Sitges Open 2019"]
[Site "Sitges"]
[Date "2019.12.13"]
[Round "1.14"]
[White "Heimann, Andreas"]
[Black "Rohit S"]
[Result "1-0"]
[WhiteElo "2617"]
[BlackElo "2234"]
[Annotator "TA"]
[PlyCount "107"]
[EventDate "2019.12.13"]
[EventType "swiss"]
[EventCountry "ESP"]
[SourceTitle "playchess.com"]
[Source "ChessBase"]
[SourceQuality "1"]

{[%evp 22,107,31,32,24,12,25,37,32,0,38,0,27,35,37,51,47,8,12,1,25,20,20,22,21,25,32,20,22,22,25,27,31,19,151,82,110,110,110,110,135,135,135,135,135,128,137,128,377,365,359,360,304,212,591,589,976,896,901,838,728,642,552,458,535,183,5618,4478,6195,5510,6123,7493,29953,29954,12843,9177,29954,29955,6424,12850,6552,3047,29971,29970,29969,29970,29973,29965]} 1. Nf3 c5 2. c4 Nc6 3. Nc3 g6 4. e3 Nf6 5. d4 cxd4 6. exd4 d5 7. cxd5 Nxd5 8. Qb3 Nxc3 9. Bc4 Nd5 10. Bxd5 e6 11. Bxc6+ bxc6 12. O-O Qd5 {A35: Symmetrical English: 2 Nc3 Nc6 3 Nf3} 13. Be3 {[#]} Bg7 $146 ({Predecessor:} 13... Be7 14. Rfc1 f6 15. Nd2 Kf7 16. Rc2 a5 17. Qc4 Bb7 18. Nb3 Ba6 19. Qxd5 cxd5 20. Nxa5 {½-½ (32) Giri,A (2771)-So,W (2812) Leuven 2017}) 14. Qa3 Bf8 {White is slightly better.} 15. Qb3 (15. Qc3 {with more complications.} Be7 16. Ne5 Bb7 17. f3 O-O 18. Rfd1) 15... Bg7 16. Qa3 Bf8 17. Qc3 Bg7 18. Rfc1 O-O 19. Ne5 Bb7 20. f3 Rfd8 21. Qc5 Qxc5 22. Rxc5 Rd5 23. Rac1 Rad8 24. f4 Rxc5 25. Rxc5 Rd5 26. Rc3 h5 27. Kf2 c5 (27... g5 $11 {remains equal.}) 28. Rxc5 (28. dxc5 $142 {And now c6 would win.} g5 29. g3) 28... Rxc5 29. dxc5 {Black must now prevent c6.} Bxe5 30. fxe5 $16 {[%mdl 4096] Endgame KB-KB} a6 31. Bh6 Kh7 32. Bg5 Kg7 33. Be7 Kh6 34. h4 g5 $2 (34... Kg7 $16 35. b4 f5) 35. Bxg5+ $18 Kg6 36. Bf6 Kf5 37. g3 Ke4 $2 (37... Kg4 {is a better chance.} 38. Be7 Bd5) 38. g4 hxg4 39. Kg3 Kf5 40. h5 Bd5 41. h6 {h7 is the strong threat.} Kg6 {[#]} 42. Bg7 $1 Bf3 43. b4 Kh7 $2 (43... Bc6 44. Kxg4 Bg2) 44. a4 Bc6 45. Kxg4 Kg6 {[#]} 46. b5 $1 {[%cal Rb5c6]} axb5 47. axb5 Bxb5 48. Kf4 Bc6 49. Ke3 Bb7 50. Kd4 (50. Kd3 $142 Bc6 51. Kc3) 50... Bd5 51. Kd3 f5 52. exf6 {White mates.} e5 {[#]} 53. f7 $1 Bxf7 54. Ke4 {Accuracy: White = 86%, Black = 31%.} 1-0

[Event "VI Sunway Sitges Open 2019"]
[Site "Sitges"]
[Date "2019.12.13"]
[Round "1.15"]
[White "Priyanka Nutakki"]
[Black "Petrosyan, Manuel"]
[Result "1/2-1/2"]
[WhiteElo "2229"]
[BlackElo "2613"]
[Annotator "TA"]
[PlyCount "119"]
[EventDate "2019.12.13"]
[EventType "swiss"]
[EventCountry "ESP"]
[SourceTitle "playchess.com"]
[Source "ChessBase"]
[SourceQuality "1"]

{[%evp 17,119,-2,-4,-7,-1,0,21,0,0,0,0,0,14,-18,0,0,0,0,0,0,4,0,0,0,25,31,26,27,21,0,0,0,0,0,0,0,0,-39,-6,-10,0,0,0,0,0,0,0,0,0,0,0,-38,-8,0,0,0,-7,-77,-74,-104,0,0,0,0,0,0,0,0,0,0,0,0,0,0,0,0,0,0,0,0,0,0,0,0,0,0,0,0,0,0,0,0,0,0,0,0,0,0,0,0,0,0,0,0]} 1. e4 e5 2. Nf3 Nc6 3. Nc3 Nf6 4. d4 exd4 5. Nxd4 Bb4 6. Nxc6 bxc6 7. Bd3 O-O 8. O-O d5 9. exd5 cxd5 10. h3 $146 {C47: Scotch Four Knights and Four Knights with 4 g3} (10. Bg5 c6 11. Qf3 Bd6 12. Rae1 Rb8 13. Nd1 h6 14. Bxf6 Qxf6 15. Qxf6 gxf6 16. b3 f5 17. Ne3 f4 18. Nf5 Bxf5 19. Bxf5 Kg7 20. g3 Kf6 21. Bd3 {½-½ (30) Movsesian,S (2654)-Ding,L (2811) Khanty-Mansiysk 2019}) 10... c6 11. Qf3 a5 12. Bf4 a4 13. Ne2 Re8 14. c3 Bd6 15. Rad1 Qc7 16. c4 Be6 17. Rfe1 Rab8 18. b3 axb3 19. axb3 Bxf4 20. Nxf4 d4 21. Nxe6 fxe6 22. c5 e5 23. Qg3 Kh8 24. Bc4 Rbd8 25. f3 g6 26. Qg5 Kg7 27. Ra1 Nd5 28. Ra6 Ne3 29. Rea1 {[#] Threatens to win with Ra7!} Rb8 30. Ra7 Rb7 31. Rxb7 Qxb7 32. Bd3 Nd5 33. Be4 Nf6 34. Bd3 Re7 35. Re1 Qxb3 36. Rxe5 Rf7 37. Qd2 (37. Bf1 $11) 37... Qc3 $17 38. Qe2 {[#]} Nd7 (38... Nd5 $1 $17 {[%cal Rd5f4] aiming for ...Nf4.} 39. Re6 Nf4 {[%mdl 64] Double Attack} 40. Qe5+ Kh6 41. Bxg6 Nxg6 42. Rxc6 Qe3+ 43. Qxe3+ dxe3) 39. Re6 $11 {The position is equal.} Qc1+ 40. Kh2 Qf4+ 41. Kg1 Nxc5 42. Rxc6 Nxd3 43. Qxd3 {[%mdl 4096] Endgame KQR-KQR} Ra7 44. Rc2 Kh6 45. Qd2 Qxd2 46. Rxd2 {KR-KR} Rd7 47. f4 g5 48. Kf2 gxf4 49. Kf3 Kg5 {And now ...Kf5 would win.} 50. Ke4 Re7+ 51. Kxd4 Kh4 {White must now prevent ...Rd7+.} 52. Rd3 Re2 53. Rf3 Rxg2 54. Ke4 h5 55. Kxf4 Re2 56. Re3 Rb2 57. Rf3 Rh2 58. Rd3 Ra2 59. Rf3 Rc2 60. Re3 {Accuracy: White = 75%, Black = 65%.} 1/2-1/2

[Event "VI Sunway Sitges Open 2019"]
[Site "Sitges"]
[Date "2019.12.13"]
[Round "1.16"]
[White "Nihal Sarin"]
[Black "Lorscheid, Gerhard"]
[Result "1-0"]
[WhiteElo "2612"]
[BlackElo "2228"]
[Annotator "TA"]
[PlyCount "147"]
[EventDate "2019.12.13"]
[EventType "swiss"]
[EventCountry "ESP"]
[SourceTitle "playchess.com"]
[Source "ChessBase"]
[SourceQuality "1"]

{[%evp 16,147,53,29,72,67,61,64,70,62,54,58,47,47,53,49,58,39,41,29,54,52,50,49,69,64,69,61,58,56,84,76,93,93,97,91,91,57,52,39,70,61,72,53,71,73,66,50,66,66,64,63,63,63,65,65,66,65,66,54,66,66,67,50,50,50,52,61,94,0,51,52,54,54,72,50,56,56,77,64,72,66,98,69,72,72,73,74,63,0,66,66,66,34,66,34,74,63,83,83,125,129,212,118,115,112,127,129,122,114,116,117,177,126,133,125,130,126,125,118,208,216,421,145,143,145,169,111,190,159,609,603,540,530]} 1. e4 d6 2. d4 Nf6 3. Nc3 e5 4. Nf3 Nbd7 5. Bc4 Be7 6. a4 O-O 7. O-O c6 8. Re1 b6 9. Bg5 Ne8 {C41: Philidor Defence} (9... a6 10. Qe2 Qc7 11. d5 c5 12. Nd2 Qd8 13. Be3 Ne8 14. Rab1 Bg5 15. b4 Bxe3 16. Qxe3 g6 17. Bf1 f5 18. exf5 gxf5 {1-0 (36) Grischuk,A (2774)-Bocharov,D (2560) Berlin 2015}) 10. Bxe7 $146 ({Predecessor:} 10. Be3 a6 11. d5 c5 12. Qd3 g6 13. Reb1 Ng7 14. b4 f5 15. bxc5 bxc5 16. a5 Kh8 17. Bc1 {1-0 (37) Kadric,D (2407)-Prastalo,B (2314) Jahorina 2012}) 10... Qxe7 11. d5 c5 {White is slightly better.} 12. a5 Nc7 13. Nd2 a6 14. axb6 Nxb6 15. Bf1 (15. Ra5 {with more complications.} Qg5 16. b3 f5 17. Be2 f4 18. Nf3) 15... Bd7 16. Nc4 Nxc4 17. Bxc4 Rfb8 18. b3 Bb5 19. Bd3 Qd7 20. Na4 {[%cal Bc3a4,Ba4b2,Bb2c4][%mdl 32]} Bxd3 21. Qxd3 Qb5 {next ...Qxd3 is good for Black.} 22. Qe3 Rf8 23. Nb2 Rab8 24. Nc4 Qd7 25. Rad1 Nb5 26. Rd2 f5 27. exf5 Rxf5 28. Ra1 Nc7 29. Qh3 Rf7 30. Qxd7 Rxd7 31. g3 Rf8 32. Kg2 Rdd8 33. f3 Rf6 34. Rd3 Rb8 35. Nd2 Rf7 36. h4 h6 37. c3 Kf8 38. Ra4 Ke7 39. Kf2 Kd7 40. Ke2 Rff8 41. Rg4 Rf7 42. Ra4 Rff8 43. Kd1 Rf7 44. Kc2 Rbf8 45. Ra1 Rb8 46. c4 Rbf8 47. Kc3 Rb8 48. Re3 Rbf8 49. Kd3 Rb8 50. Re4 Rb6 51. Rae1 Rb8 52. Ra1 Rb6 $1 53. Ree1 Rf8 54. Ke3 Rf7 55. Rg1 Rb8 56. g4 Rh8 57. h5 Rhf8 58. g5 Rh8 (58... hxg5 $16 59. Rxg5 Rh8) 59. Ne4 ({White should play} 59. gxh6 $18 Rxh6 60. Ne4) 59... Rb8 $16 60. Ra3 {[#] Hoping for gxh6.} Rbf8 61. Rg3 hxg5 62. Nxg5 Re7 63. Ne4 Ra8 (63... Ref7 $16 {keeps fighting.} 64. Ke2 Ra8) 64. Rg6 (64. h6 $18 gxh6 65. Nf6+ Kc8 66. Rg6) 64... Ne8 65. h6 $36 {[%mdl 2048] Keeping Black busy.} gxh6 66. Rxh6 Rg7 67. Rh8 Rg6 (67... a5 $16 68. Ra1 Rb8) 68. Ra1 $18 {Rah1 is the strong threat.} Rb8 $2 (68... Rg7 69. Kf2 a5) 69. Nd2 $2 (69. Rxa6 $18 {Black must now prevent Nxc5+!} Rxb3+ 70. Kd2 Rg2+ 71. Kc1) 69... Rb6 $16 70. Rah1 {[#] And now R1h7+ would win.} Rg7 71. R1h6 (71. Rf8 $18) 71... Rf7 (71... a5 $16 {was called for.}) 72. Kd3 $18 Nc7 $2 (72... Rb4 $16 73. Kc3 a5) 73. Kc2 Ne8 74. Ne4 {Accuracy: White = 60%, Black = 46%.} 1-0

[Event "VI Sunway Sitges Open 2019"]
[Site "Sitges"]
[Date "2019.12.13"]
[Round "1.18"]
[White "Durarbayli, Vasif"]
[Black "Prraneeth Vuppala"]
[Result "1/2-1/2"]
[WhiteElo "2609"]
[BlackElo "2221"]
[Annotator "TA"]
[PlyCount "100"]
[EventDate "2019.12.13"]
[EventType "swiss"]
[EventCountry "ESP"]
[SourceTitle "playchess.com"]
[Source "ChessBase"]
[SourceQuality "1"]

{[%evp 9,100,0,1,0,1,-3,-4,-14,-13,-13,-7,-5,-6,-20,-14,-30,-17,-44,-17,-14,-16,-21,-24,-12,-14,-59,7,7,0,0,0,0,6,35,17,0,0,0,0,0,0,0,0,0,0,11,41,0,0,0,0,-33,-32,-33,-28,-23,-25,-24,-10,-22,0,-15,0,0,0,-161,-67,-122,-115,-352,-80,-69,0,0,0,0,0,0,0,0,0,0,0,0,0,0,0,0,0,0,0,0,0]} 1. c4 e5 2. g3 c6 3. Bg2 d5 4. cxd5 cxd5 5. d4 e4 6. Nc3 {A20: English Opening: 1...e5} Nf6 7. Bg5 (7. Nh3 Bb4 8. O-O Bxc3 9. bxc3 O-O 10. f3 exf3 11. Rxf3 h6 12. Qf1 Nbd7 {½-½ (50) Aronian,L (2785)-Anand,V (2779) Doha 2016}) 7... Nbd7 8. Nh3 h6 9. Bxf6 $1 Nxf6 10. O-O Bd6 11. Qb3 Be6 12. Qxb7 $146 ({Predecessor:} 12. f3 exf3 13. Rxf3 {0-1 (32) Veisi,B (2203)-Hosseinipour,M (2274) Hamedan 2017}) 12... O-O 13. Rab1 Rb8 14. Qxa7 Qc8 15. Nf4 Bxf4 16. gxf4 Bh3 17. f3 Re8 (17... Bxg2 $15 18. Kxg2 Re8) 18. Qc5 $11 {next Qxc8 is good for White.} Qf5 19. Bxh3 Qxh3 20. Nxd5 Nxd5 21. Qxd5 Rbd8 22. Qb3 Qf5 23. Rbd1 Rb8 24. fxe4 Qxe4 25. Qc3 {And now Rf2 would win.} Rb6 {Strongly threatening ...Rg6+.} 26. f5 {Rf2 is the strong threat.} Qg4+ 27. Qg3 Qh5 28. Rd2 {Threatens to win with e3.} Rxe2 29. Rxe2 Qxe2 {[%mdl 4096] Endgame KQR-KQR} 30. Rf2 Qd1+ 31. Kg2 Qxd4 32. b3 Rc6 33. Qf4 Qd5+ 34. Qf3 Qd6 35. a4 Qd4 36. Qf4 Qd5+ 37. Rf3 $2 {[#]} (37. Qf3 $11 {and White stays safe.} Qd4 38. Qxc6 Qg4+ 39. Kh1 Qd1+ {[%mdl 64] Double Attack} 40. Kg2 Qg4+ 41. Kf1 Qd1+ {[%mdl 64] Double Attack} 42. Kg2 Qg4+) 37... Rc3 ({Black should play} 37... Rc2+ $1 $19 38. Kg3 Re2) 38. Kg3 {[#]} (38. f6 $1 $15) 38... Rc2 $1 $17 39. Kh3 $2 (39. Qe3 $17) 39... Rb2 $2 (39... g5 $19 {has better winning chances.} 40. Rg3 (40. fxg6 $2 Qh5+ {[%mdl 64] Double Attack} 41. Kg3 Qxh2+ 42. Kg4 Rg2+ 43. Kf5 Qh5+ {[%mdl 64] Double Attack} 44. Ke4 Rg4 $19) 40... Kh7) 40. Qe3 Qd6 (40... Qd1 $1 $15 41. Qf4 Qh1) 41. Rf2 {The position is equal.} Rxf2 42. Qxf2 $11 {KQ-KQ} Qd3+ 43. Kg4 Qxb3 44. Qd4 Qa2 45. h4 Kh7 46. Kf3 f6 47. Ke4 Qc2+ 48. Ke3 Qc1+ ({Don't blunder} 48... Qxf5 $2 49. Qd3 $18) 49. Kd3 Qd1+ 50. Kc3 Qa1+ {Accuracy: White = 44%, Black = 59%.} 1/2-1/2

[Event "VI Sunway Sitges Open 2019"]
[Site "Sitges"]
[Date "2019.12.13"]
[Round "1.19"]
[White "Nikolic, Vladan"]
[Black "Adly, Ahmed"]
[Result "1/2-1/2"]
[WhiteElo "2217"]
[BlackElo "2607"]
[Annotator "TA"]
[PlyCount "131"]
[EventDate "2019.12.13"]
[EventType "swiss"]
[EventCountry "ESP"]
[SourceTitle "playchess.com"]
[Source "ChessBase"]
[SourceQuality "1"]

{[%evp 17,131,15,9,9,50,25,25,8,33,26,62,52,48,52,76,66,77,72,76,83,63,70,72,48,112,118,128,129,191,175,179,170,197,171,166,164,166,110,108,109,230,215,172,172,379,333,399,344,424,106,378,20,406,417,344,359,409,344,414,344,344,295,244,16,193,103,108,112,366,370,272,255,336,326,139,102,155,95,216,86,116,118,127,127,126,128,126,8,8,8,8,8,8,8,8,8,8,8,8,8,8,8,8,8,8,0,0,0,0,0,0,0,8,8,8,0]} 1. d4 Nf6 2. c4 e6 3. Nf3 Bb4+ 4. Bd2 Qe7 5. g3 O-O 6. Bg2 Bxd2+ 7. Nbxd2 d6 8. O-O e5 9. e4 a5 10. Qc2 {E11: Bogo-Indian} (10. Re1 Nc6 11. d5 Nb8 12. a3 Bg4 13. b4 Na6 14. Qb3 Bxf3 15. Bxf3 c6 16. Nf1 axb4 17. axb4 c5 18. bxc5 Nxc5 {1-0 (35) Firouzja,A (2682)-Shchekachev,A (2531) Le Blanc Mesnil 2019}) 10... Na6 11. a3 Re8 $146 ({Predecessor:} 11... b6 12. Qc3 Bb7 13. dxe5 dxe5 14. Qxe5 Rae8 {½-½ (36) Lvov,N (2014)-Golikov,D (2245) St Petersburg 2019}) 12. Rab1 {White has an edge.} c5 13. d5 $1 g6 14. Ne1 Bd7 15. Nd3 b5 16. Rbe1 Ng4 17. f3 Nh6 18. f4 f6 19. cxb5 Bxb5 20. a4 Bxd3 ({Avoid the trap} 20... Nb4 $2 21. Nxb4 Bxf1 22. Nc6 $18) (20... Bd7 $1 $14) 21. Qxd3 $16 Nb4 22. Qc3 $1 g5 (22... Na2 $16 23. Qb3 Nb4) 23. Nc4 gxf4 24. gxf4 Kh8 25. Bh3 $1 Rg8+ 26. Kh1 Ng4 27. Bxg4 (27. Qf3 $1 $18 h5 28. fxe5 fxe5 29. Bxg4 hxg4 30. Qf6+ Qxf6 31. Rxf6) 27... Rxg4 28. Ne3 $1 {[%cal Re3g4]} Rxf4 (28... Rg6 $16 {was worth a try.}) 29. Nf5 $18 Rxf1+ 30. Rxf1 Qd7 $2 (30... Qd8 31. Qh3 Qf8) 31. Rg1 Rg8 32. Rxg8+ Kxg8 33. Qg3+ $2 (33. Qh3 $18 {is more deadly. aiming for Nh6+.} Kh8 34. Qh6 $1 {[%mdl 512]}) 33... Kf8 $2 {[%mdl 8192]} (33... Kh8 $16) 34. Qh4 $2 ({White has to play} 34. Nh6 $1 $18 Qg7 35. Qh3) 34... Qf7 $2 {[%mdl 8192]} (34... Nxd5 $1 $11 {and Black has nothing to worry.} 35. Qh6+ Ke8) 35. Qh6+ Kg8 36. Nxd6 Qf8 37. Qxf8+ Kxf8 {[%mdl 4096] Endgame KN-KN} 38. Nc4 f5 39. exf5 Nxd5 40. Nxe5 $2 (40. Nxa5 $18 {Threatens to win with Kg2.} Ne7 41. Nc4) 40... Ke7 $2 (40... Nb6 $1 $11 {and Black stays safe.}) 41. Nc6+ ({White should play} 41. Nc4 $1 $18) 41... Kf6 $16 42. Nxa5 Nb4 $2 {[%mdl 8192]} (42... Kxf5 $16 {might work better.} 43. Nb7 c4) 43. Nb7 $18 Na6 44. Kg2 Kxf5 45. Kf3 Ke5 46. Ke3 Kd5 47. Kd3 (47. h4 $142 $1) 47... h5 (47... Nb4+ $16 48. Kc3 Na2+ 49. Kb3 Nc1+ 50. Kc2 Na2) 48. h4 (48. Nd8 $18) 48... Nb4+ $16 49. Kc3 Na2+ 50. Kb3 Nc1+ {[#]} 51. Kc2 $1 {[%cal Rc2c1]} Ne2 {[#]} 52. a5 (52. Nd8 $1 $16) 52... Nd4+ $11 {The position is equal.} 53. Kd3 {Hoping for Nd8.} Kc6 54. a6 {Black must now prevent Nxc5!} Nf5 55. Nxc5 Kb6 56. b4 Nxh4 57. b5 {Nd7+ is the strong threat.} Nf5 58. Nd7+ Ka7 59. Ne5 {Strongly threatening Nc6+.} Ne7 60. Ke4 h4 61. Kf4 Nd5+ 62. Kg4 Nc7 63. Nc6+ Kb6 64. Nd4 Nxb5 {[%mdl 64] Remove Defender} 65. Nxb5 Kxa6 66. Kxh4 {Accuracy: White = 43%, Black = 40%.} 1/2-1/2